| 000 | 01191nam a2200301 i 4500 | ||
|---|---|---|---|
| 001 | 192241 | ||
| 003 | SpMaBN | ||
| 005 | 20260311134835.0 | ||
| 008 | 221128q19101930sp a | |||| 000 0 spa | ||
| 040 |
_aSpMaBN _bspa _cSpMaBN _erdc |
||
| 080 | _a7(460.353 S.) | ||
| 100 | 1 |
_aGestoso y Pérez, José, _d1852-1917 _956532 |
|
| 245 | 1 | 0 |
_aSevilla / _ccuarenta y ocho ilustraciones, con texto de José Gestoso. |
| 260 |
_aBarcelona : _bHijos de J. Thomas, _c[entre 1910 y 1930] |
||
| 300 |
_a28 p., 48 p. de lám. ; _c15 cm. |
||
| 490 | 1 |
_aEl arte en España / bajo el patronato de la Comisaría Regia del Turismo y Cultura Artística ; _v7 |
|
| 530 | _aDisponible en formato digital. | ||
| 546 | _aTexto en español, francés e inglés. | ||
| 650 | 4 |
_aArte- _zSevilla. _9137553 |
|
| 651 | 4 |
_aSevilla- _xEdificios, estructuras, etc. _9175885 |
|
| 710 | 1 |
_aEspaña. _bComisaría Regia del Turismo. _9175864 |
|
| 830 | 1 | 3 |
_aEl arte en España _v7 _9193591 |
| 852 | 4 |
_aES-MaACL _jC-32214(3) _cDEPO2 |
|
| 856 | 4 |
_uhttp://bdh-rd.bne.es/viewer.vm?id=0000121381&page=1 _yBiblioteca Digital Hispánica |
|
| 942 | _2udc | ||
| 999 |
_c192241 _d192241 |
||